[Event "La Pobla de Lillet op-B 31st"]
[Site "La Pobla de Lillet"]
[Date "2022.08.06"]
[Round "5"]
[White "Begara Rodriguez, David"]
[Black "Law, Peter"]
[Result "0-1"]
[WhiteElo "1520"]
[BlackElo "1796"]
[PlyCount "44"]
[EventDate "2022.08.02"]
[EventType "swiss"]
[EventRounds "9"]
[EventCountry "ESP"]
[SourceTitle "CBM 209 Extra"]
[Source "ChessBase"]
[SourceDate "2022.09.30"]
[SourceVersion "1"]
[SourceVersionDate "2022.09.30"]
[SourceQuality "1"]

1. d4 d6 2. e3 g6 3. f4 Bg7 4. Bd3 Nh6 5. Nf3 0-0 6. Nc3 c6 7. 0-0 Bg4 8. Ne4 f6 9. Nf2 Bxf3 10. Qxf3 e5 11. Ne4 f5 12. Ng5 e4 13. Ne6 Qe8 14. Bxe4 Qxe6 15. Bd3 d5 16. b3 Nd7 17. c4 Nf6 18. Ba3 Rfe8 19. cxd5 Qxe3+ 20. Qxe3 Rxe3 21. Bc4 cxd5 22. Rac1 dxc4 0-1

[Event "Castell de Tona op 2nd"]
[Site "Castell de Tona"]
[Date "2012.12.08"]
[Round "5"]
[White "Begara Rodriguez, David"]
[Black "Formatje Bigas, Jordi"]
[Result "1/2-1/2"]
[WhiteElo "1761"]
[BlackElo "1700"]
[PlyCount "73"]
[EventDate "2012.12.06"]
[EventType "swiss"]
[EventRounds "6"]
[EventCountry "ESP"]
[SourceTitle "EXT 2014"]
[Source "ChessBase"]
[SourceDate "2013.11.20"]
[SourceVersion "1"]
[SourceVersionDate "2013.11.20"]
[SourceQuality "1"]

1. d4 d5 2. c4 e6 3. Nf3 Bd7 4. Nc3 Bb4 5. Bd2 dxc4 6. e4 b5 7. a3 Ba5 8. b3 Bxc3 9. Bxc3 Nf6 10. e5 Ne4 11. Rc1 Nxc3 12. Rxc3 Bc6 13. bxc4 Bxf3 14. Rxf3 c6 15. Qd2 Nd7 16. cxb5 Rb8 17. a4 a6 18. Rb3 0-0 19. Be2 f6 20. Bc4 Qe7 21. bxc6 Rxb3 22. Bxb3 Nb8 23. 0-0 Nxc6 24. d5 Nxe5 25. d6 Qd7 26. f4 Nf7 27. Rd1 Rd8 28. f5 Qxd6 29. Qxd6 Nxd6 30. fxe6 Kf8 31. Rc1 Rc8 32. Rxc8+ Nxc8 33. a5 Nd6 34. Bd1 Nb7 35. Be2 Nxa5 36. Bxa6 Ke7 37. Kf2 1/2-1/2